000
00276nam a2200109Ia 4500
008
190907s9999||||xx |||||||||||||| ||und||
100
_a
Barry Gerber
245
0
_a
Mastering Microsoft Exchange 2000 Server
260
_a
India
_b
Microsoft Press
_c
2001
300
_a
948
942
_c
BK
999
_c
6284
_d
6284